De quel animé ces personnages proviennent-ils ? #1 - Statistiques

Statistiques générales
  • Ce quiz a été pris 117 fois
    50 depuis la dernière actualisation
  • Le résultat moyen est 12 sur 16
Statistiques - réponses
Par images Réponse % Correct
Death Note
98%
Naruto
98%
One Piece
98%
Demon Slayer
95%
Tokyo Revengers
93%
Jujutsu Kaisen
90%
Fullmetal Alchemist Brotherhood
88%
L'Attaque des Titans
88%
My Hero Academia
88%
Black Clover
73%
Mob Psycho 100
70%
Monster
58%
Tokyo Ghoul
40%
Blue Exorcist
35%
Erased
35%
Ouran High School Host Club
30%
Aucun quiz correspondant
Distribution des résultats
% des personnes avec chaque résultat
Percentile par nombre de réponses
Votre historique - résultats
Vous n’avez pas pris ce quiz depuis la dernière actualisation